| 000 | 00436nam a2200157Ia 4500 | ||
|---|---|---|---|
| 008 | 151213s9999 xx 000 0 und d | ||
| 100 | _aM. P. Tandon and Rajesh Tandon | ||
| 245 |
_aTex Book of Comparative Law _cM. P. Tandon and Rajesh Tandon |
||
| 250 | _a5th | ||
| 260 |
_aNew Delhi _bAlahabad Law Azency _c1997 |
||
| 300 | _a3663 p. | ||
| 650 | _aLaw | ||
| 650 | _aLaw | ||
| 700 | _aM. P. Tandon and Rajesh Tandon | ||
| 999 |
_c2443 _d2443 |
||